书目信息 |
| 题名: |
冲击地压综合监测预警技术
|
|
| 作者: | 夏永学, , 潘俊峰 著 | |
| 分册: | ||
| 出版信息: | 北京 应急管理出版社 2025.01 |
|
| 页数: | 316页 | |
| 开本: | 24cm | |
| 丛书名: | ||
| 单 册: | ||
| 中图分类: | TD324 | |
| 科图分类: | ||
| 主题词: | 煤矿--mei kuang--冲击地压--监测预报--研究 | |
| 电子资源: | ||
| ISBN: | 978-7-5237-0713-5 | |
| 000 | 00973nam0 2200265 450 | |
| 001 | 97554 | |
| 005 | 20250919172358.29 | |
| 010 | @a978-7-5237-0713-5@dCNY98.00 | |
| 100 | @a20250124d2025 em y0chiy50 ea | |
| 101 | 0 | @achi |
| 102 | @aCN@b110000 | |
| 105 | @aak a 000yy | |
| 106 | @ar | |
| 106 | @ar | |
| 200 | 1 | @a冲击地压综合监测预警技术@Achong ji di ya zong he jian ce yu jing ji shu@f夏永学, 潘俊峰等著 |
| 210 | @a北京@c应急管理出版社@d2025.01 | |
| 215 | @a316页@c彩图@d24cm | |
| 320 | @a有书目 (第308-316页) | |
| 330 | @a本书内容包括: 绪论、冲击地压综合监测预警的理论基础、冲击危险性预评价方法、基于现场探测的冲击危险性评价方法、冲击地压动态监测方法、冲击地压监测系统的开发及应用、冲击地压前兆信息的可识别性研究等。 | |
| 606 | 0 | @a煤矿@Amei kuang@x冲击地压@x监测预报@x研究 |
| 690 | @aTD324@v5 | |
| 701 | 0 | @a夏永学,@Axia yong xue@f1980-@4著 |
| 701 | 0 | @a潘俊峰@Apan jun feng@4著 |
| 801 | 0 | @aCN@c20250909 |
| 905 | @a河南城建学院图书馆@dTD324@eX222@f1 | |
| 冲击地压综合监测预警技术/夏永学, 潘俊峰等著.-北京:应急管理出版社,2025.01 |
| 316页:彩图;24cm |
| ISBN 978-7-5237-0713-5:CNY98.00 |
| 本书内容包括: 绪论、冲击地压综合监测预警的理论基础、冲击危险性预评价方法、基于现场探测的冲击危险性评价方法、冲击地压动态监测方法、冲击地压监测系统的开发及应用、冲击地压前兆信息的可识别性研究等。 |
| ● |
| 相关链接 |
|
|
|
正题名:冲击地压综合监测预警技术
索取号:TD324/X222
 
预约/预借
| 序号 | 登录号 | 条形码 | 馆藏地/架位号 | 状态 | 备注 |
| 1 | 1638600 | 216386006 | 自科库501/501自科库 21排1列2层/ [索取号:TD324/X222] | 在馆 |